000 00578nam a2200181 4500
001 120202
003 ES-MaACL
007 t|
008 070214s1974 sp r ||||1| gao d
100 1 _aPérez Vilariño, José.
_991207
245 1 0 _aO factor relixioso na España actual
_b: ( o cambio socio-relixioso como cambio político na España dos anos 70) /
_cJosé Pérez Vilarino.
260 _aVigo :
_bSept,
_c1974.
300 _a79 p. ;
_c19 cm.
490 1 _aXeira nova
830 0 _aXeira nova
_9233311
852 _aES-MaACL
_jE-6927
_bR.91324
999 _c120202
_d120202